00899nam a22002657a 45000010008000000030004000080050017000120080041000290100017000700200028000870400018001150500024001331000022001572450051001792500012002302600035002423000035002774900024003125040064003366500016004007000019004168300040004358560085004758560073005604995856OSt20221229143151.0221229b |||||||| |||| 00| 0 eng d a 99032562  a0072300302 (alk. paper) aDLCcKMUdDLC00aGV1015.3b.K58 20001 aKluka, Darlene A.10aVolleyball /cDarlene A. Kluka, Peter J. Dunn. a4th ed. aBoston :bMcGraw-Hill,cc2000. aviii, 232 p. :bill. ;c24 cm.1 aWinning edge series aIncludes bibliographical references (p. 195-196) and index. 0aVolleyball.1 aDunn, Peter J. 0aWinning edge series (Boston, Mass.)423Publisher descriptionuhttp://www.loc.gov/catdir/description/mh023/99032562.html413Table of contentsuhttp://www.loc.gov/catdir/toc/mh023/99032562.html